| 000 | 00416nam a2200157 a 4500 | ||
|---|---|---|---|
| 001 | 14258 | ||
| 005 | 20180713202726.0 | ||
| 008 | 140415s1988 000 0 spa d | ||
| 041 | _aspa | ||
| 082 |
_a741.2 _bVIL |
||
| 100 | 1 | _aVILLEGAS MACIEL, CARLOS | |
| 245 | 1 | 0 | _aTALLER DE EXPRESION GRAFICA I |
| 260 |
_a[s.l.] : _bMC GRAW HILL, _c1988 |
||
| 300 | _a125 | ||
| 650 | 1 | 4 |
_aDIBUJO _xDIBUJO _xENSEANZA |
| 999 |
_c14258 _d14258 |
||